| 000 | 00360nam a22001577a 4500 | ||
|---|---|---|---|
| 003 | SGT | ||
| 020 | _a81-8061-250-3 | ||
| 082 |
_a616.692 _bP04B |
||
| 100 | _aBANSAL, KANTHI,ED. | ||
| 245 | _aPRACTICAL APPROACH TO INFERTILITY MANAGEMENT | ||
| 250 | _a1ST | ||
| 260 |
_aNEW DELHI _bJAYPEE PUB _c2004 |
||
| 300 | _a620 | ||
| 650 | _aAYURVEDA | ||
| 942 |
_2ddc _cBK |
||
| 999 |
_c11324 _d11324 |
||